000 00428nam a2200169Ia 4500
008 221030s9999 xx 000 0 und d
020 _a8126509683
041 _aEnglish
082 _a105.23
100 _aE. Turban
245 0 _aIntroduction to Information technology
_cby E. Turban, R. K. Rainer
260 _bWilley Pub.
_aNew Delhi
_c2008
300 _a526
650 _aComputers
700 _aR. K. Rainer
942 _cBK
999 _c9738
_d9738